[Event "Quebec-ch"]
[Site "Montreal CAN"]
[Date "1989.06.14"]
[Round "3"]
[White "Berube, Richard"]
[Black "Roy, Alain"]
[Result "1/2-1/2"]
[WhiteElo "2142"]
[BlackElo "2112"]
[PlyCount "157"]
[GameId "2160767912519151"]
[EventDate "1989.06.12"]
[EventType "tourn"]
[EventRounds "9"]
[EventCountry "CAN"]

1. e4 d6 2. d4 Nf6 3. Nc3 g6 4. Nf3 Bg7 5. h3 O-O 6. Be3 a6 7. a4 b6 8. Be2 Bb7 9. Nd2 c5 10. dxc5 bxc5 11. Bf3 Qc7 12. Nc4 Nc6 13. a5 Nd4 14. Nb6 Rab8 15. O-O e6 16. Bf4 Nd7 17. Nc4 e5 18. Bg5 f6 19. Bc1 f5 20. Ne3 Nf6 21. Ned5 Nxd5 22. exd5 e4 23. Be2 Rbe8 24. Bf4 Be5 25. Bh6 Rf7 26. f3 Nxe2+ 27. Qxe2 e3 28. f4 Bxc3 29. bxc3 Bxd5 30. Rfd1 Bb7 31. c4 Rfe7 32. Rd3 Re6 33. Rb1 Be4 34. Rxe3 Qxa5 35. Rb7 R6e7 36. Rxe7 Rxe7 37. Rb3 Qa1+ 38. Kh2 Qd4 39. Rb8+ Kf7 40. Rf8+ Ke6 41. Bg5 Rf7 42. Re8+ Kd7 43. Rd8+ Kc6 44. Bh4 Rd7 45. Ra8 Kb7 46. Re8 a5 47. Qe1 Qxc4 48. Qxa5 Qa6 49. Qd2 Qa2 50. Qe2 Qa4 51. c3 Qb3 52. Bf2 Bc6 53. Qd2 Kc7 54. c4 Qa3 55. Be1 Be4 56. Bf2 Qa4 57. Qc3 Qa2 58. Qe1 Kb7 59. Qe3 Qxc4 60. Qa3 Qa6 61. Qb2+ Kc6 62. Bxc5 Kxc5 63. Rc8+ Bc6 64. Qc3+ Kd5 65. Qf3+ Ke6 66. Rxc6 Qa4 67. Qe3+ Kf7 68. Rc8 Qe4 69. Qb3+ d5 70. Qb8 Qe7 71. Rh8 Kg7 72. Rg8+ Kh6 73. Qb6 d4 74. Qa5 Qe3 75. Qe5 Re7 76. Qd6 d3 77. Rd8 d2 78. Qxd2 Qxd2 79. Rxd2 1/2-1/2

[Event "Quebec-ch"]
[Site "Montreal CAN"]
[Date "1989.06.14"]
[Round "3"]
[White "Levtchouk, George"]
[Black "Leveille, Francois"]
[Result "1/2-1/2"]
[WhiteElo "2317"]
[BlackElo "2262"]
[PlyCount "58"]
[GameId "2160767912519153"]
[EventDate "1989.06.12"]
[EventType "tourn"]
[EventRounds "9"]
[EventCountry "CAN"]

1. d4 Nf6 2. c4 g6 3. Nc3 d5 4. Nf3 Bg7 5. Bg5 Ne4 6. cxd5 Nxg5 7. Nxg5 c6 8. Nf3 cxd5 9. Qb3 Nc6 10. e3 O-O 11. Qxd5 e5 12. Qxd8 Rxd8 13. d5 e4 14. dxc6 exf3 15. gxf3 bxc6 16. Rc1 Be6 17. b3 Rd7 18. Be2 Rad8 19. Ne4 Bh3 20. Ng5 Bf5 21. O-O Bf6 22. f4 Rd2 23. Bf3 h6 24. Ne4 Bxe4 25. Bxe4 Rxa2 26. Rxc6 Bh4 27. Rc2 Rxc2 28. Bxc2 Rd2 29. Be4 Kg7 1/2-1/2

[Event "Quebec-ch"]
[Site "Montreal CAN"]
[Date "1989.06.15"]
[Round "4"]
[White "Fraser, Michel"]
[Black "Levtchouk, George"]
[Result "0-1"]
[WhiteElo "2102"]
[BlackElo "2317"]
[PlyCount "39"]
[GameId "2160767912519155"]
[EventDate "1989.06.12"]
[EventType "tourn"]
[EventRounds "9"]
[EventCountry "CAN"]

1. g3 g6 2. Bg2 Bg7 3. c4 d6 4. e3 Nf6 5. Ne2 O-O 6. O-O e5 7. Nbc3 Re8 8. b3 c6 9. Bb2 d5 10. d3 Be6 11. h3 Nbd7 12. Qc2 Rc8 13. Kh2 h5 14. Rad1 b5 15. cxb5 cxb5 16. Qd2 a6 17. d4 Bf5 18. Rc1 e4 19. Nf4 Nf8 20. Ncxd5 0-1

[Event "Quebec-ch"]
[Site "Montreal CAN"]
[Date "1989.06.16"]
[Round "5"]
[White "Levtchouk, George"]
[Black "Spraggett, Grant"]
[Result "1/2-1/2"]
[WhiteElo "2317"]
[BlackElo "2290"]
[PlyCount "44"]
[GameId "2160767912519163"]
[EventDate "1989.06.12"]
[EventType "tourn"]
[EventRounds "9"]
[EventCountry "CAN"]

1. Nf3 Nf6 2. g3 d6 3. Bg2 c6 4. O-O g6 5. c4 Bg7 6. Nc3 O-O 7. d3 e5 8. Rb1 a5 9. a3 Nh5 10. b4 f5 11. Qb3 axb4 12. axb4 h6 13. c5+ Kh7 14. cxd6 Qxd6 15. Nd2 Be6 16. Nc4 Qc7 17. b5 e4 18. bxc6 Nxc6 19. Qxb7 Qxb7 20. Rxb7 Bxc4 21. dxc4 Na5 22. Rc7 Rac8 1/2-1/2

[Event "Quebec-ch"]
[Site "Montreal CAN"]
[Date "1989.06.19"]
[Round "6"]
[White "Fraser, Michel"]
[Black "Berube, Richard"]
[Result "0-1"]
[WhiteElo "2102"]
[BlackElo "2142"]
[PlyCount "121"]
[GameId "2160767912519165"]
[EventDate "1989.06.12"]
[EventType "tourn"]
[EventRounds "9"]
[EventCountry "CAN"]

1. d4 Nf6 2. Nf3 g6 3. Bf4 Bg7 4. e3 O-O 5. Nbd2 b6 6. Bd3 c5 7. c3 Ba6 8. Bxa6 Nxa6 9. h3 d6 10. O-O Nc7 11. a4 Qd7 12. Qe2 Qc6 13. Bh2 Qb7 14. e4 cxd4 15. cxd4 Nd7 16. e5 d5 17. h4 h5 18. Ng5 Qa6 19. Qe3 Bh6 20. Bf4 Bxg5 21. Bxg5 Rfe8 22. Qf3 Nf8 23. g4 Nce6 24. gxh5 Nxd4 25. Qxd5 Rad8 26. Qg2 Kh8 27. Ne4 Qe2 28. f3 Qxg2+ 29. Kxg2 gxh5 30. Ng3 Ng6 31. Rae1 Nc6 32. f4 Rd4 33. b3 Red8 34. Nxh5 Rd3 35. Rf3 Rxf3 36. Kxf3 Rd3+ 37. Kg4 Rxb3 38. Rc1 Rb4 39. Kg3 Nd4 40. Kh3 Rxa4 41. Ng3 Ne6 42. Rc8+ Kh7 43. f5 Nxg5+ 44. hxg5 Nxe5 45. Rc7 Nf3 46. g6+ fxg6 47. Rxe7+ Kh6 48. fxg6 Ng5+ 49. Kg2 Kxg6 50. Kf2 a5 51. Ke2 Kf6 52. Rb7 Rb4 53. Kd2 Ke5 54. Kc2 Kd5 55. Ne2 Ne4 56. Rb8 Kc6 57. Rh8 Nc5 58. Rh6+ Kb7 59. Nc1 Rg4 60. Rh2 Ka6 61. Na2 0-1

[Event "Quebec-ch"]
[Site "Montreal CAN"]
[Date "1989.06.19"]
[Round "6"]
[White "Leveille, Francois"]
[Black "Roy, Alain"]
[Result "1/2-1/2"]
[WhiteElo "2262"]
[BlackElo "2112"]
[PlyCount "101"]
[GameId "2160767912519168"]
[EventDate "1989.06.12"]
[EventType "tourn"]
[EventRounds "9"]
[EventCountry "CAN"]

1. d4 Nf6 2. c4 g6 3. Nc3 Bg7 4. e4 d6 5. Nf3 O-O 6. Be2 e5 7. O-O Nc6 8. d5 Ne7 9. Ne1 Nd7 10. Nd3 f5 11. Bd2 Nf6 12. f3 f4 13. g4 g5 14. Be1 Ng6 15. Bf2 h5 16. h3 Rf7 17. c5 Bf8 18. Rc1 Nh4 19. cxd6 cxd6 20. Bxh4 gxh4 21. Nf2 Qb6 22. Qb3 Qxb3 23. axb3 a6 24. Na4 Nd7 25. Rc7 b5 26. Rfc1 bxa4 27. Rxc8 Rxc8 28. Rxc8 axb3 29. Nd3 a5 30. Rc6 Be7 31. Bd1 a4 32. Ra6 Bd8 33. Rxd6 Bb6+ 34. Kg2 Bd4 35. Ra6 Nb6 36. Nxe5 Bxe5 37. Rxb6 Ra7 38. Be2 Bxb2 39. d6 Be5 40. Bc4+ Kg7 41. gxh5 a3 42. h6+ Kh7 43. Bxb3 a2 44. Bxa2 Rxa2+ 45. Kh1 Rd2 46. Rb5 Bxd6 47. Rf5 Kxh6 48. e5 Be7 49. Rxf4 Re2 50. Re4 Rxe4 51. fxe4 1/2-1/2

[Event "Quebec-ch"]
[Site "Montreal CAN"]
[Date "1989.06.20"]
[Round "7"]
[White "Berube, Richard"]
[Black "Spraggett, Grant"]
[Result "1/2-1/2"]
[WhiteElo "2142"]
[BlackElo "2290"]
[PlyCount "57"]
[GameId "2160767912519171"]
[EventDate "1989.06.12"]
[EventType "tourn"]
[EventRounds "9"]
[EventCountry "CAN"]

1. e4 c6 2. d4 d5 3. Nd2 dxe4 4. Nxe4 Nf6 5. Nxf6+ gxf6 6. c3 Bf5 7. Ne2 e6 8. Ng3 Bg6 9. h4 h5 10. Be2 Qa5 11. b4 Qc7 12. Nxh5 Bxh5 13. Bxh5 a5 14. Qe2 Qd7 15. bxa5 Qd5 16. Bf3 Qxa5 17. Bd2 Bd6 18. h5 Nd7 19. O-O Qc7 20. Rfb1 Ra4 21. Rb2 Kf8 22. Rab1 b5 23. Qe4 Rc4 24. Be2 f5 25. Qh4 Nb6 26. h6 Rh7 27. Qh3 Ra4 28. g3 Ke8 29. Bd3 1/2-1/2

[Event "Quebec-ch"]
[Site "Montreal CAN"]
[Date "1989.06.20"]
[Round "7"]
[White "Roy, Alain"]
[Black "Fraser, Michel"]
[Result "0-1"]
[WhiteElo "2112"]
[BlackElo "2107"]
[PlyCount "74"]
[GameId "2160767912519174"]
[EventDate "1989.06.12"]
[EventType "tourn"]
[EventRounds "9"]
[EventCountry "CAN"]

1. e4 e6 2. d3 d5 3. Nd2 c5 4. Ngf3 Nc6 5. g3 Bd6 6. Bg2 Qc7 7. O-O Nge7 8. c3 b6 9. Re1 Bb7 10. a3 a5 11. d4 cxd4 12. cxd4 dxe4 13. Nxe4 Nd5 14. Nfg5 Be7 15. Be3 Rd8 16. Rc1 Qd7 17. Qh5 Bxg5 18. Bxg5 Nce7 19. Rcd1 Rc8 20. Bh3 O-O 21. Bxe7 Qxe7 22. Qe5 Rfd8 23. Ng5 Qc7 24. Nxf7 Kxf7 25. Bxe6+ Kf8 26. Qf5+ Nf6 27. g4 Qc2 28. Qf4 h6 29. h4 Qg6 30. g5 hxg5 31. hxg5 Rd5 32. Re5 Qh5 33. Bg4 Qxg4+ 34. Qg3 Qxd1+ 35. Kh2 Rxe5 36. Qxe5 Qh1+ 37. Kg3 Qg2+ 0-1

[Event "Quebec-ch"]
[Site "Montreal CAN"]
[Date "1989.06.21"]
[Round "8"]
[White "Spraggett, Grant"]
[Black "Roy, Alain"]
[Result "0-1"]
[WhiteElo "2290"]
[BlackElo "2112"]
[PlyCount "92"]
[GameId "2160767912519179"]
[EventDate "1989.06.12"]
[EventType "tourn"]
[EventRounds "9"]
[EventCountry "CAN"]

1. c4 g6 2. g3 Bg7 3. Bg2 d6 4. Nc3 Nf6 5. e4 O-O 6. Nge2 e5 7. O-O Be6 8. d3 Qd7 9. f4 Bh3 10. f5 Bxg2 11. Kxg2 c6 12. Bg5 Na6 13. Rf3 h6 14. Bxf6 Bxf6 15. Qf1 g5 16. g4 Bd8 17. f6 Nc5 18. Rf5 Ne6 19. h4 Nf4+ 20. Nxf4 gxf4 21. Qf3 Kh7 22. g5 Rg8 23. Kh2 Bb6 24. Qg4 Qe6 25. Ne2 Be3 26. Ng1 b5 27. b3 a5 28. Nf3 a4 29. Qh5 Rg6 30. Rb1 axb3 31. axb3 Ra2+ 32. Kh1 Qd7 33. Qg4 Rg8 34. Qh5 Rg6 35. Qg4 Rg8 36. h5 hxg5 37. h6 Rg6 38. Nxg5+ Kh8 39. Qh5 Ra8 40. Rf1 Qe8 41. Kg2 Ra2+ 42. Kf3 Qf8 43. h7 Rd2 44. Ra1 Rf2+ 45. Kg4 f3 46. Kh3 Rh6 0-1

[Event "Quebec-ch"]
[Site "Montreal CAN"]
[Date "1989.06.23"]
[Round "9"]
[White "Leveille, Francois"]
[Black "Fraser, Michel"]
[Result "1-0"]
[WhiteElo "2262"]
[BlackElo "2107"]
[PlyCount "65"]
[GameId "2160767912519183"]
[EventDate "1989.06.12"]
[EventType "tourn"]
[EventRounds "9"]
[EventCountry "CAN"]

1. d4 d5 2. c4 c6 3. Nf3 Nf6 4. Nc3 e6 5. Bg5 Be7 6. Qc2 Nbd7 7. e3 a6 8. cxd5 exd5 9. Bd3 Nf8 10. Ne5 Ne6 11. Bh4 Nd7 12. Bxe7 Qxe7 13. Nxd7 Bxd7 14. O-O g6 15. b4 O-O 16. Rab1 b5 17. a4 Rfc8 18. Qb2 Ng7 19. e4 dxe4 20. Bxe4 Bf5 21. Rfe1 Qf6 22. Rbd1 Rd8 23. Bf3 Rac8 24. axb5 axb5 25. Qd2 Qd6 26. g4 Be6 27. Ne4 Qe7 28. Qh6 f6 29. g5 Ne8 30. Nc5 Rd6 31. d5 cxd5 32. Nxe6 Rxe6 33. Rxe6 1-0

[Event "Quebec-ch Amateur"]
[Site "Montreal CAN"]
[Date "1989.05.19"]
[Round "1"]
[White "Cazelais, Marc"]
[Black "Teuton, Frank"]
[Result "1/2-1/2"]
[WhiteElo "2038"]
[BlackElo "1864"]
[PlyCount "100"]
[GameId "2160767912519375"]
[EventDate "1989.05.19"]
[EventType "swiss"]
[EventRounds "5"]
[EventCountry "CAN"]
[SourceTitle "EXT 2022"]
[Source "ChessBase"]
[SourceDate "2021.10.06"]
[SourceVersion "1"]
[SourceVersionDate "2021.10.06"]
[SourceQuality "1"]

1. e4 c5 2. Nc3 Nc6 3. g3 g6 4. Bg2 Bg7 5. d3 e6 6. f4 Nge7 7. Nf3 d5 8. O-O O-O 9. Kh1 Rb8 10. Ne2 f5 11. e5 b5 12. d4 cxd4 13. Nfxd4 Bd7 14. Be3 Qc7 15. Nxc6 Nxc6 16. Bc5 Rfc8 17. Bd6 Qd8 18. Bxb8 Rxb8 19. c3 Bf8 20. Nd4 Na5 21. Qe2 b4 22. Rfd1 bxc3 23. bxc3 Rc8 24. Rab1 Bc5 25. Rdc1 Nc4 26. Bf1 Qa5 27. Qf2 Bb6 28. Rc2 Bc5 29. Bxc4 dxc4 30. Qe2 Bb6 31. h3 Rd8 32. Kh2 Bc6 33. Rb4 Qd5 34. Qe1 Ba8 35. Qf1 Rc8 36. Nb5 Qe4 37. Rd2 Qe3 38. Rbb2 Bd5 39. Re2 Qc5 40. g4 Rf8 41. g5 Kg7 42. Nd4 Qa3 43. Nb5 Qa5 44. Nd6 Qxc3 45. Rec2 Qd4 46. Rb4 Rd8 47. Rbxc4 Qe3 48. R4c3 Qd4 49. Rc4 Qe3 50. R4c3 Qe4 1/2-1/2

[Event "Quebec-ch Amateur"]
[Site "Montreal CAN"]
[Date "1989.05.19"]
[Round "1"]
[White "Charest, Johanne"]
[Black "Laforest, Claude"]
[Result "1-0"]
[WhiteElo "1550"]
[BlackElo "1431"]
[PlyCount "47"]
[GameId "2160767912519376"]
[EventDate "1989.05.19"]
[EventType "swiss"]
[EventRounds "5"]
[EventCountry "CAN"]
[SourceTitle "EXT 2022"]
[Source "ChessBase"]
[SourceDate "2021.10.06"]
[SourceVersion "1"]
[SourceVersionDate "2021.10.06"]
[SourceQuality "1"]

1. e4 c5 2. Nf3 Nc6 3. d4 cxd4 4. Nxd4 e5 5. Nb5 d6 6. Bc4 a6 7. N5c3 Nf6 8. Bg5 h6 9. Be3 b5 10. Bb3 Ng4 11. Bd5 Qc7 12. O-O Nf6 13. f4 Bg4 14. Qd2 Rc8 15. Qf2 Nxd5 16. Nxd5 Qb7 17. fxe5 dxe5 18. Nbc3 Bd6 19. Nb6 Rd8 20. Ncd5 Be6 21. Qg3 f6 22. Rad1 Qb8 23. Qxg7 Rg8 24. Nxf6# 1-0

[Event "Quebec-ch Amateur"]
[Site "Montreal CAN"]
[Date "1989.05.19"]
[Round "1"]
[White "Deguire, Luc"]
[Black "Morin, Louis"]
[Result "0-1"]
[WhiteElo "1715"]
[BlackElo "1980"]
[PlyCount "40"]
[GameId "2160767912519377"]
[EventDate "1989.05.19"]
[EventType "swiss"]
[EventRounds "5"]
[EventCountry "CAN"]
[SourceTitle "hb 2013"]

1. e4 e5 2. d4 exd4 3. Qxd4 Nc6 4. Qa4 Nf6 5. Nf3 Bc5 6. Bg5 O-O 7. Bd3 d6 8. c3 Ne5 9. Nxe5 dxe5 10. Bxf6 Qxd3 11. Bxe5 Bd7 12. Qd1 Qxe4+ 13. Qe2 Qxe2+ 14. Kxe2 Rae8 15. f4 f6 16. b4 Bd6 17. Kd1 fxe5 18. fxe5 Rxe5 19. Nd2 Rd5 20. c4 Rd4 0-1

[Event "Quebec-ch Amateur"]
[Site "Montreal CAN"]
[Date "1989.05.19"]
[Round "1"]
[White "Weston, Paul"]
[Black "Beaudry, Marc-Andre"]
[Result "0-1"]
[WhiteElo "1765"]
[BlackElo "1974"]
[PlyCount "92"]
[GameId "2160767912519378"]
[EventDate "1989.05.19"]
[EventType "swiss"]
[EventRounds "5"]
[EventCountry "CAN"]

1. e4 c5 2. Nf3 d6 3. c3 Nf6 4. Bc4 e6 5. d3 Be7 6. O-O O-O 7. Nbd2 Nc6 8. Bb3 b6 9. Re1 Ba6 10. Nf1 Ne5 11. d4 cxd4 12. Nxd4 Rc8 13. Bc2 Qc7 14. f4 Nc6 15. Be3 Nxd4 16. Bxd4 e5 17. Be3 Rfd8 18. Bb3 Bb7 19. Ng3 Nxe4 20. Nxe4 Bxe4 21. Qg4 d5 22. fxe5 Qxe5 23. Bf4 Bc5+ 24. Kh1 Qf5 25. Qxf5 Bxf5 26. Rad1 Be6 27. Be5 a6 28. Rd3 Rd7 29. Rg3 g6 30. Rd3 Rcd8 31. Red1 b5 32. Bf6 Be7 33. Bd4 Bf5 34. R3d2 Bg5 35. Rf2 Be4 36. Bf6 Bxf6 37. Rxf6 Rd6 38. Rxd6 Rxd6 39. Kg1 f5 40. g3 Kf7 41. Kf2 Ke6 42. Ke3 Ke5 43. Rd4 g5 44. a4 Rh6 45. axb5 Rxh2 46. bxa6 f4+ 0-1

[Event "Quebec-ch Amateur"]
[Site "Montreal CAN"]
[Date "1989.05.20"]
[Round "2"]
[White "Beaudry, Marc-Andre"]
[Black "Dion, Francis"]
[Result "1-0"]
[WhiteElo "1974"]
[BlackElo "1805"]
[PlyCount "140"]
[GameId "2160767912519379"]
[EventDate "1989.05.19"]
[EventType "swiss"]
[EventRounds "5"]
[EventCountry "CAN"]

1. c4 e6 2. d4 d5 3. Nf3 Nf6 4. g3 Be7 5. Bg2 O-O 6. O-O Nbd7 7. b3 c6 8. Bb2 Ne4 9. Nfd2 Nxd2 10. Nxd2 f5 11. f3 f4 12. gxf4 Bd6 13. e3 Qh4 14. Qe1 Qh5 15. Qg3 Rf6 16. Qg5 Qf7 17. Rfe1 Nf8 18. Nf1 Bd7 19. Rac1 Ng6 20. Qg3 Rf8 21. Re2 Ne7 22. Qe1 Rh6 23. Ng3 Nf5 24. e4 Nxg3 25. hxg3 Qh5 26. Kf2 Rxf4 27. gxf4 Bxf4 28. Qg1 Qh4+ 29. Kf1 Qg5 30. Rcc2 Rg6 31. e5 h5 32. Qf2 Bg3 33. Qe3 Bf4 34. Qd3 h4 35. Rf2 h3 36. Bxh3 Qg1+ 37. Ke2 Bg3 38. Qe3 Rh6 39. Bg2 Be8 40. Rc1 Bxf2 41. Rxg1 Bxe3 42. Kxe3 Bg6 43. Rh1 Rxh1 44. Bxh1 Bb1 45. cxd5 cxd5 46. a3 Bc2 47. b4 b5 48. Kf4 a6 49. Kg5 Kf7 50. f4 g6 51. Bf3 Bd3 52. Bd1 Kg7 53. a4 bxa4 54. Bxa4 Kf7 55. Bd1 Kg7 56. Ba3 Kf7 57. Kh6 Kg8 58. Ba4 Kf7 59. Bd7 Ke7 60. Bc8 Kf7 61. Kg5 Bb5 62. Kh6 Bd3 63. Bd7 Bc2 64. Bc6 Bb3 65. b5 axb5 66. Bxb5 Bc2 67. Be2 Bf5 68. Kg5 Bc2 69. Bg4 Bd3 70. Bc1 Be4 1-0

[Event "Quebec-ch Amateur"]
[Site "Montreal CAN"]
[Date "1989.05.20"]
[Round "2"]
[White "Lefebvre, Yvan"]
[Black "Charest, Johanne"]
[Result "0-1"]
[WhiteElo "1424"]
[BlackElo "1550"]
[PlyCount "34"]
[GameId "2160767912519380"]
[EventDate "1989.05.19"]
[EventType "swiss"]
[EventRounds "5"]
[EventCountry "CAN"]
[SourceTitle "EXT 2022"]
[Source "ChessBase"]
[SourceDate "2021.10.06"]
[SourceVersion "1"]
[SourceVersionDate "2021.10.06"]
[SourceQuality "1"]

1. e4 e5 2. Nf3 Nc6 3. Bb5 a6 4. Bxc6 dxc6 5. O-O Bg4 6. h3 h5 7. d3 Bc5 8. Be3 Bd6 9. hxg4 hxg4 10. Ng5 f6 11. Ne6 Qe7 12. Qxg4 g5 13. Nxg5 fxg5 14. Bxg5 Qh7 15. f3 Bc5+ 16. d4 Bxd4+ 17. Rf2 Qh1# 0-1

[Event "Quebec-ch Amateur"]
[Site "Montreal CAN"]
[Date "1989.05.20"]
[Round "2"]
[White "Morin, Louis"]
[Black "Parent, Francois"]
[Result "1-0"]
[WhiteElo "1980"]
[BlackElo "1757"]
[PlyCount "40"]
[GameId "2160767912519381"]
[EventDate "1989.05.19"]
[EventType "swiss"]
[EventRounds "5"]
[EventCountry "CAN"]
[SourceTitle "hb 2013"]

1. e4 e5 2. Nf3 Nf6 3. Nc3 Nc6 4. Bb5 Nd4 5. Nxe5 Nxb5 6. Nxb5 c6 7. Nc3 Qe7 8. Nf3 Nxe4 9. O-O Nxc3 10. dxc3 d6 11. Re1 Be6 12. Bg5 Qd7 13. Nd4 Be7 14. Bxe7 Kxe7 15. Nf5+ Kf6 16. Nxd6 Ke7 17. Nf5+ Kf8 18. Nd4 Bd5 19. Qd3 c5 20. c4 Bxg2 1-0

[Event "Quebec-ch Amateur"]
[Site "Montreal CAN"]
[Date "1989.05.20"]
[Round "3"]
[White "Cabana, Gilbert"]
[Black "Teuton, Frank"]
[Result "1-0"]
[WhiteElo "1850"]
[BlackElo "1864"]
[PlyCount "112"]
[GameId "2160767912519384"]
[EventDate "1989.05.19"]
[EventType "swiss"]
[EventRounds "5"]
[EventCountry "CAN"]
[SourceTitle "EXT 2022"]
[Source "ChessBase"]
[SourceDate "2021.10.06"]
[SourceVersion "1"]
[SourceVersionDate "2021.10.06"]
[SourceQuality "1"]

1. e4 c5 2. Nf3 d6 3. d4 cxd4 4. Nxd4 Nf6 5. Nc3 g6 6. f4 Nbd7 7. Be2 Bg7 8. Be3 O-O 9. O-O Nb6 10. Kh1 Bd7 11. f5 Rc8 12. Rc1 Rxc3 13. bxc3 Nxe4 14. fxg6 hxg6 15. c4 a6 16. Qe1 e5 17. Nb3 Be6 18. Qb4 Qh4 19. Kg1 Nd7 20. Qxb7 Nc3 21. Rf2 Nf6 22. g3 Nxe2+ 23. Rxe2 Qxc4 24. Ree1 Bd5 25. Nd2 Qxa2 26. Qc7 Ne8 27. Qb6 Ba8 28. c4 Nf6 29. Ra1 Qc2 30. Rxa6 Ng4 31. Qa5 Bb7 32. Ra7 Nxe3 33. Rxe3 e4 34. Rxb7 Bd4 35. Rbb3 Bxe3+ 36. Rxe3 Rb8 37. Rxe4 Rb2 38. Re2 Qd3 39. Rf2 Qd4 40. Kg2 Kg7 41. Qg5 f6 42. Qf4 Qe5 43. Qxe5 dxe5 44. g4 Rc2 45. Kf3 Rc3+ 46. Ke4 Kf7 47. Kd5 Rd3+ 48. Kc6 Rd4 49. h3 Ke6 50. c5 Rd3 51. Kb7 f5 52. c6 Rxh3 53. c7 Rh7 54. Kb8 Rh8+ 55. c8=Q+ Rxc8+ 56. Kxc8 e4 1-0

[Event "Quebec-ch Amateur"]
[Site "Montreal CAN"]
[Date "1989.05.20"]
[Round "3"]
[White "Cazelais, Marc"]
[Black "Morin, Louis"]
[Result "1/2-1/2"]
[WhiteElo "2037"]
[BlackElo "1980"]
[PlyCount "45"]
[GameId "2160767912519385"]
[EventDate "1989.05.19"]
[EventType "swiss"]
[EventRounds "5"]
[EventCountry "CAN"]
[SourceTitle "hb 2013"]

1. e4 e5 2. Nf3 d6 3. d4 Nf6 4. Nc3 Nbd7 5. Bc4 Be7 6. O-O O-O 7. h3 c6 8. a4 Nxe4 9. Nxe4 d5 10. Bb3 dxe4 11. Nxe5 Nxe5 12. dxe5 Bf5 13. Bf4 Qxd1 14. Raxd1 Rad8 15. Rfe1 Rxd1 16. Rxd1 Rd8 17. Rxd8+ Bxd8 18. Kf1 Kf8 19. Ke2 Bc7 20. Bg3 Bb6 21. c3 h6 22. Ba2 a5 23. Bc4 1/2-1/2

[Event "Quebec-ch Amateur"]
[Site "Montreal CAN"]
[Date "1989.05.20"]
[Round "3"]
[White "Charest, Johanne"]
[Black "Senecal, Eddy"]
[Result "1-0"]
[WhiteElo "1550"]
[BlackElo "1409"]
[PlyCount "51"]
[GameId "2160767912519386"]
[EventDate "1989.05.19"]
[EventType "swiss"]
[EventRounds "5"]
[EventCountry "CAN"]
[SourceTitle "EXT 2022"]
[Source "ChessBase"]
[SourceDate "2021.10.06"]
[SourceVersion "1"]
[SourceVersionDate "2021.10.06"]
[SourceQuality "1"]

1. e4 c5 2. Nf3 d6 3. d4 cxd4 4. Nxd4 Nf6 5. Nc3 Nc6 6. Be2 Nxd4 7. Qxd4 e5 8. Qd1 Be7 9. Bc4 O-O 10. h3 a6 11. Bg5 Bd7 12. Qd3 b5 13. Bb3 Be6 14. Rd1 h6 15. Bh4 Bxb3 16. axb3 g5 17. Bg3 Qb6 18. h4 Kg7 19. hxg5 hxg5 20. Qf3 Rh8 21. Kd2 Rac8 22. Qf5 Nxe4+ 23. Nxe4 f6 24. Nc3 b4 25. Nd5 Qd4+ 26. Qd3 1-0

[Event "Quebec-ch Amateur"]
[Site "Montreal CAN"]
[Date "1989.05.21"]
[Round "4"]
[White "Beaudry, Marc-Andre"]
[Black "Ber, Yves"]
[Result "0-1"]
[WhiteElo "1974"]
[BlackElo "2120"]
[PlyCount "79"]
[GameId "2160767912519387"]
[EventDate "1989.05.19"]
[EventType "swiss"]
[EventRounds "5"]
[EventCountry "CAN"]

1. c4 Nf6 2. Nc3 c5 3. Nf3 g6 4. g3 Bg7 5. Bg2 O-O 6. O-O d5 7. cxd5 Nxd5 8. Nxd5 Qxd5 9. d3 Nc6 10. Be3 Qd6 11. Nd2 b6 12. Rc1 Rb8 13. Nc4 Qc7 14. a3 Bb7 15. b4 Nd4 16. bxc5 Bxg2 17. Kxg2 Qxc5 18. Bxd4 Qxd4 19. a4 Rfd8 20. Qb3 Bh6 21. Rb1 Qd5+ 22. Kg1 Qh5 23. Rb2 Qh3 24. Qb5 Rbc8 25. Qa6 Rc5 26. Qb7 Rh5 27. Qg2 Qd7 28. Ra2 b5 29. axb5 Rxb5 30. Rfa1 Rb7 31. e3 Rdb8 32. Qf1 Bg7 33. e4 Qc7 34. h4 Rc8 35. Nd2 Bf6 36. Qg2 Rcb8 37. Kh2 Bxh4 38. Nf3 Bf6 39. Kh3 Qd7+ 40. Kh2 0-1

[Event "Quebec-ch Amateur"]
[Site "Montreal CAN"]
[Date "1989.05.21"]
[Round "4"]
[White "Charest, Johanne"]
[Black "Lecouffe, Vincent"]
[Result "0-1"]
[WhiteElo "1550"]
[BlackElo "1572"]
[PlyCount "44"]
[GameId "2160767912519388"]
[EventDate "1989.05.19"]
[EventType "swiss"]
[EventRounds "5"]
[EventCountry "CAN"]
[SourceTitle "EXT 2022"]
[Source "ChessBase"]
[SourceDate "2021.10.06"]
[SourceVersion "1"]
[SourceVersionDate "2021.10.06"]
[SourceQuality "1"]

1. e4 c5 2. Nf3 Nc6 3. d4 cxd4 4. Nxd4 Nf6 5. Nc3 e5 6. Nf5 d5 7. Bg5 Bxf5 8. exf5 Bb4 9. Bd2 O-O 10. Bd3 Qd7 11. O-O e4 12. Bb5 Qxf5 13. Qe2 Nd4 14. Qe3 Bxc3 15. Qxc3 Nxb5 16. Qc5 Qd7 17. a4 Nc7 18. Rfe1 Ne6 19. Qe3 Rfc8 20. Rec1 Rc6 21. b4 d4 22. Qh3 Rac8 0-1

[Event "Quebec-ch Amateur"]
[Site "Montreal CAN"]
[Date "1989.05.21"]
[Round "4"]
[White "Morin, Louis"]
[Black "Beauchamp, Jean-Pierre"]
[Result "1/2-1/2"]
[WhiteElo "1980"]
[BlackElo "2031"]
[PlyCount "137"]
[GameId "2160767912519389"]
[EventDate "1989.05.19"]
[EventType "swiss"]
[EventRounds "5"]
[EventCountry "CAN"]
[SourceTitle "hb 2013"]

1. e4 c5 2. d4 cxd4 3. c3 d3 4. c4 d6 5. Nc3 Nf6 6. Bxd3 e6 7. Nf3 Nc6 8. O-O Be7 9. Re1 Qc7 10. Qe2 Ne5 11. Nxe5 dxe5 12. Be3 O-O 13. Red1 Bd7 14. Rac1 b6 15. a3 a5 16. Nb5 Qb7 17. f3 Rac8 18. Qf2 Bc5 19. Bxc5 Rxc5 20. b4 Rc6 21. Bf1 Ra8 22. Qb2 Qb8 23. Rd2 Be8 24. Rcd1 Rc8 25. Nd6 Rd8 26. Qxe5 Ba4 27. Rc1 Ne8 28. c5 bxc5 29. bxc5 Qb3 30. Qc3 Qxc3 31. Rxc3 Rab8 32. e5 Nc7 33. Bc4 Rb1+ 34. Kf2 h5 35. Bd3 Ra1 36. Bc4 Rb1 37. h4 Kf8 38. Rd4 Rb2+ 39. Kg3 Bc6 40. Rf4 Rd7 41. Rb3 Rxb3 42. Bxb3 Nd5 43. Bxd5 Bxd5 44. Kf2 Rc7 45. Ke3 Rxc5 46. Rxf7+ Kg8 47. Kd4 Rc2 48. Ra7 Rxg2 49. Rxa5 Bxf3 50. Ke3 Bd1 51. Ra8+ Kh7 52. Ne4 Kg6 53. a4 Kf5 54. Nf2 Rg3+ 55. Kd4 Bf3 56. Rf8+ Kg6 57. a5 Bd5 58. Nd3 Kh7 59. a6 Rg1 60. Nf4 Bh1 61. Nxe6 Rg4+ 62. Kc5 Rxh4 63. a7 Ra4 64. Rf7 Ra5+ 65. Kb6 Rxe5 66. Rxg7+ Kh8 67. Re7 Kg8 68. Rg7+ Kh8 69. Re7 1/2-1/2